|
|
|
|
| LEADER |
00706nab a2200193 i 4500 |
| 001 |
misc73561 |
| 005 |
20241018111118.0 |
| 008 |
240227s1965 hu o 000 eng d |
| 040 |
|
|
|a SZTE Miscellanea Repozitórium
|b hun
|
| 041 |
|
|
|a eng
|
| 100 |
1 |
|
|a Isenberg Irvin
|
| 245 |
1 |
3 |
|a On the activation spectrum for DNA phosphorescence
|h [elektronikus dokumentum] /
|c Isenberg Irvin
|
| 260 |
|
|
|a Academic Press
|c 1965-11
|
| 300 |
|
|
|a 229-233
|
| 490 |
0 |
|
|a Analytical Biochemistry
|v 13 No. 2
|
| 561 |
|
|
|a Szent-Györgyi Albert munkatársainak publikációi
|
| 700 |
0 |
1 |
|a Baird Spencer L., jr.
|e aut
|
| 700 |
0 |
1 |
|a Rosenbluth Raja
|e aut
|
| 856 |
4 |
0 |
|u http://misc.bibl.u-szeged.hu/73561/1/szgya_amerikai_195.pdf
|z Dokumentum-elérés
|